Word Ladder: Steely Dan Song Titles Quiz Stats

 Plays Quiz Updated Jan 7, 2018

Challenge
Share
Tweet
Embed
Score 0/88 Timer 09:00
1 Play Today
Clue 4-Letter Word % Correct
Past tense of 'wear'WORE
97.4%
ImpoliteRUDE
96.2%
Payment for using a roadTOLL
94.1%
A governing regulationRULE
93.2%
FinishedDONE
93.1%
Challenge to do somethingDARE
93.1%
Article offered for saleWARE
93%
Camping domicileTENT
92.3%
Protective outerwearCOAT
92.2%
PriceCOST
92.2%
Miami-____ County, FLDADE
90.8%
Online conversationCHAT
90.6%
Mammal milk sourceTEAT
90.6%
Flash of lightningBOLT
90.5%
Skeleton unitBONE
90.2%
Not anyNONE
90.1%
Orange traffic markerCONE
89.5%
Seed capsule of cottonBOLL
89.4%
Ace, king, queen, or jackCARD
89.2%
♫ 1974: “Any Major ____ [YELLOW 2] [YELLOW 3] You”DUDE
89.1%
Water source in the groundWELL
89.1%
Fork prongTINE
89%
Shade of colorTINT
88.9%
Feel concern, interestCARE
88.5%
Chair, stool, bench, e.g.SEAT
88.5%
Chronological periodTIME
88.3%
Before presentPAST
88.3%
♫ 1974: “Rikki ____ [GREEN 2] [GREEN 3] Number”DON'T
88.1%
Sweet baked dessertCAKE
88.1%
1974: “Rikki [GREEN 1] [GREEN 2] ____ Number”THAT
88.1%
Clue 4-Letter Word % Correct
♫ 1976: “Don't ____ Me Alive”TAKE
87.8%
To domesticateTAME
87.6%
ArrivedCAME
87.6%
Having fired a gun SHOT
87.6%
Chimney residueSOOT
87.6%
To eat, esp. an evening mealDINE
87.5%
Stupid personDOLT
87.5%
Heavy footwearBOOT
87.2%
♫ 1975: “Everyone's ____ to the Movies”GONE
87.1%
Fail to hitMISS
87%
Having noticedSEEN
86.9%
♫ 1974: “Any Major [YELLOW 1] [YELLOW 2] ____ You”TELL
86.9%
TV show of Oceanic Flight 815 LOST
86.7%
Less than the wholePART
86.6%
Green tree trunk growthMOSS
86.5%
Calls of disapproval (e.g., at sporting event)BOOS
86.5%
Your superior at workBOSS
86.1%
Burn the surfaceSEAR
85.7%
Small sheltered bayCOVE
85.4%
The seven maritime bodiesSEAS
85.2%
Peck on the cheekKISS
84.9%
Prophet, oracleSEER
84.9%
♫ 1980: “Hey ____-[PINK 2]” [1st part of one word]NINE-
83.9%
♫ 1973: “____ Biz [ORANGE 2]”SHOW
83.9%
Simpson, Starr, or Conner, e.g.BART
83.9%
Playwright George BernardSHAW
83.4%
♫ 1972: “Reelin' In the ____s”YEAR
83.2%
To irritate, annoyRILE
83.1%
Military headquartersBASE
83.1%
Affirmative answersYEAS
83.1%
Clue 4-Letter Word % Correct
Sum of money paid as bailBOND
83%
UnstraightenBEND
82.7%
Blowout partyBASH
82.4%
Audio tech companyBOSE
82.4%
Scholarly written workTOME
82.4%
♫ 1976: “The ____s of Altamira”CAVE
82.2%
♫ 1977: “[BLUE 1] at ____LAST
82%
Sharp, clear ringing soundTING
81.5%
♫ 1974: “Rikki [GREEN 1] ____ [GREEN 3] Number”LOSE
81.4%
♫ 1974: “Any Major [YELLOW 1] ____ [YELLOW 3] You”WILL
81.2%
StockingsHOSE
81.1%
Strike with a whipLASH
80.9%
College of Fagen & BeckerBARD
80%
Sporcle's daily offeringDOSE
79.7%
Prepared to drive a golf ballTEED
78.8%
♫ 1980: “Hey [PINK 1]- ____” [2nd part of one word]-TEEN
78.5%
What a barkeep doesTEND
78.5%
♫ 1977: “____ at [BLUE 2]” HOME
76.9%
DNA unitGENE
76.9%
Small streamRILL
76.5%
Deep wooded valley DENE
72.3%
Bogus, falseSHAM
69.3%
Sing like Ella FitzgeraldSCAT
64%
♫ 1973: “____ of the World”KING
60.9%
Archaic plural of cowKINE
58.9%
♫ 1976: “The Royal ____SCAM
58.8%
♫ 1972: “Dirty ____WORK
46%
♫ 1973: “[ORANGE 1] Biz ____KIDS
42.8%

Today's Daily Dose

You're not logged in!

Compare scores with friends on all Sporcle quizzes.
OR
Log In

You Might Also Like...

Show Comments

Extras

Top Quizzes Today


Score Distribution

Your Account Isn't Verified!

In order to create a playlist on Sporcle, you need to verify the email address you used during registration. Go to your Sporcle Settings to finish the process.

Report this User

Report this user for behavior that violates our Community Guidelines.

Details: